Jeux de mots - Ils commencent par "cal" - Statistiques

Statistiques générales
  • Ce quiz a été pris 74 fois
  • Le résultat moyen est 6 sur 15
Statistiques - réponses
Hint Réponse % Correct
Épaississement et induration de l’épiderme produits dû à un frottement. Cal
100%
On peut ____ un rendez-vous ou bien une armoire et plus généralement un meuble. Caler
88%
Endroit proche de la mer où l'on se prélasse l'été, à Cassis notamment. Calanque
76%
Elles sont de l'énergie pour le corps humain. Certaines tentent de réduire leur absorption à l'approche de l'été. Calories
73%
A encornet pour synonyme. Calamar|Calmar
67%
Grille que l'on peut retrouver à l'avant d'une voiture. Calandre
48%
Qui attire les catastrophes. Se dit aussi parfois des scores à certains quiz :) Calamiteux
42%
Relatif à une région du sud de l'Italie. Calabrais
30%
Dépôt qui se forme dans un moteur à explosion lors d'une combustion incomplète. Calamine
24%
Toile de coton de qualité courante. Calicot
10%
Si l'on change une des lettres de ce mot, on désigne un trait de l'esprit. Calambour
6%
Plante originaire d’Amérique tropicale, de la famille des Aracées, aux feuilles généralement triangulaires. Caladium
1%
Plante qui entre dans la composition de l’eau de mélisse. Calament
1%
Pente d’un terrain élevé utilisé à l'apprentissage du petit galop par un cheval. Calade
0%
Procédé de laminage des matières plastiques. Calandrage
0%
Aucun quiz correspondant
Distribution des résultats
% des personnes avec chaque résultat
Percentile par nombre de réponses
Votre historique - résultats
Vous n’avez pas pris ce quiz